000 00735cab a2200241 4500
001 ABS44827
008 090401t1991 xxu||||| |||| 00| 0 eng d
035 _a(Sirsi) u49280
041 _aeng
100 _aBond, R.
245 _aAnglian signals no retreat
260 _c1991
350 _a0
490 _aSurveyor
_v176(5153) 18 July 1991, 10(1)
520 _aReports on completion of Anglian NRA `s four-year sea defence study and its implications for future expenditure on sea defences in the region.
650 _aCOASTAL DEFENCES
650 _aEAST ANGLIA
650 _aGIS
650 _aHALCROW ENVIRONMENTAL MANAGEMENT SYSTEM
690 _aENVIRONMENTAL AND LAND CONSULTANCY
942 _n0
948 _c04/03/1997
999 _c30831
_d30831